01286 2200601 4500001002100000008004100021035002000062245005700082100001800139250000600157260003000163300001200193084001400205082000800219650001300227990001200240990001200252990001200264990001200276990001200288990001200300990001200312990001200324990001200336990001200348990001200360990001200372990001200384990001200396990001200408990001200420990001200432990001200444990001200456990001200468990001200480990001200492990001200504990001200516990001200528990001200540990001200552990001200564990001200576990001200588990001200600990001200612990001200624990001200636990001200648990001200660990001200672INLIS000000000000738 ind  a0010-0424000714 aESPS Matematika Kelas X ( Peminatan )cWono Setya B. aSetya B, Wono a1 aJakarta :bErlanggac2017 a206 hlm a510 WON m a510 aNonfiksi a0739359 a0739360 a0739361 a0739362 a0739363 a0739364 a0739365 a0739366 a0739367 a0739368 a0739369 a0739370 a0739371 a0739372 a0739373 a0739374 a0739375 a0739376 a0739377 a0739378 a0739379 a0739380 a0739381 a0739382 a0739383 a0739384 a0739385 a0739386 a0739387 a0739388 a0739389 a0739390 a0739391 a0739392 a0739393 a0739394 a0739395